Score 0/12 Timer 01:30
0 Plays Today
Hint Word % Correct
That girlSHE
94.4%
Definite articleTHE
92.3%
PerceiveSEE
91.7%
FetchGET
91.3%
Bunk or four-posterBED
90.1%
Perch for a Titleist ballTEE
89.9%
Between eff and aitchGEE
87.7%
Clock radio number lightLED
82.7%
Except forBUT
81.7%
Brokeback directorLEE
81.7%
One of three in an inningOUT
80.9%
Larry '___' MelmanBUD
77.4%

Today's Daily Dose

Missing Word
'T' Pairs

Word Ladder
Game Pieces

Get the Picture
Baseball Movies

Remove Ads.
Support Sporcle.
Get the best of Sporcle when you Go Orange. This ad-free experience offers more features, more stats, and more fun while also helping to support Sporcle. Thank you for becoming a member.

You're not logged in!

Compare scores with friends on all Sporcle quizzes.
OR
Log In

Show Comments

Extras

Top Quizzes Today


Score Distribution

Your Account Isn't Verified!

In order to create a playlist on Sporcle, you need to verify the email address you used during registration. Go to your Sporcle Settings to finish the process.

Report this User

Report this user for behavior that violates our Community Guidelines.

Details: